000 00823nam a2200229Ia 4500
001 8607
003 GE_BSU
008 181216s||||||||xx |||||||||||||| ||und||
040 _cGE_BSU
080 _a821.353.1-4+321+908(479.22)
100 _aთევზაძე, გივი
245 _aდიდების გვირგვინი
245 _bმხატვრ. ნარკვევები
245 _cრედ.: მ. ქანთარია; მხატვ.: ი. მჭედლიშვილი
260 _aთბილისი.
260 _bსაბჭ. საქართველო
260 _c1976
300 _a268 გვ; 21 სმ
653 _aდიდების გვირგვინი
653 _aმხატვრ. ნარკვევები
942 _cBK
999 _c41923
_d41923